| 000 | 00982nas a2200301 4500 | ||
|---|---|---|---|
| 001 | BR2014003049 | ||
| 003 | BR-BrBNA | ||
| 005 | 20231205124014.0 | ||
| 007 | ta | ||
| 008 | 230509b bl.|||p| |||| 00| 00por d | ||
| 040 |
_aBR-BrBNA _bpor _cBiblioteca Nacional de Agricultura |
||
| 041 | _a(Pt) | ||
| 072 | _aP33 | ||
| 100 | 1 | _aSuzuki, L.E.A>S. | |
| 100 | 1 | _aLima, C.L.R. de | |
| 100 | 1 | _aReinert, J.M. | |
| 100 | 1 | _aPillon, C.N. | |
| 245 | 1 | _aEstrutura e armazenamento de água em um argissolo sob pastagem cultivada, floresta nativa e povoamento de eucalipto no Rio Grande do Sul | |
| 650 | _aEUCALIPTO | ||
| 650 | _aARMAZENAMENTO | ||
| 650 | _aÁGUA | ||
| 650 | _aCOLHEITA | ||
| 650 | _aFLORESTA | ||
| 773 | 0 |
_tRevista Brasileira de Ciência do Solo (Brazil) _xISSN 0100-0683 _g(Jan-Feb 2014), v. 38(1) p. 94-106 _wBR2014003049 |
|
| 856 | 4 | 0 | _uhttp://www.scielo.br/pdf/rbcs/v38n1/a09v38n1.pdf |
| 909 |
_a202311 _bLúcia _c55 _dLúcia Elande |
||
| 942 |
_2AGRIS _n0 _cANA |
||
| 999 |
_c236860 _d236860 |
||